Statistieken voor Algemene Kennisquiz #10

Klik hier om de quiz te nemen!

Algemene statistieken

  • Deze quiz is 1.166 keer genomen
  • De gemiddelde score is 9 van 20

Antwoordstatistieken

VraagAntwoord% Correct
Uit welk land komt espresso?Italië
95%
Wat is het zwaarste interne orgaan van de mens?Lever
78%
Waar staat de F in UFO voor?Flying (vliegend)
76%
Waar woont een Moskoviet?Moskou
71%
Hoe heet een luxe appartement helemaal bovenaan een flat?Penthouse
66%
Wat is het hoofdingrediënt in hummus?
Kikkererwten
59%
Welk land heeft de meeste medailles op de Olympische Winterspelen gewonnen, ondanks dat het maar 5,5 miljoen inwoners heeft?
Noorwegen
55%
Wat is het meest voorkomende gewas in de Verenigde Staten, zowel via gewicht als via waarde?
Mais
53%
Van welk land is de hoofdstad Ulaanbaatar?Mongolië
52%
Wat is de westelijkste grote stad in Australië?Perth
44%
Welk element heeft het symbool Sn?Tin
39%
Welk boek gaat over de Engelse aristocraat Viscount Greystoke, die door apen werd opgevoed?
Tarzan
35%
Welke oude stadstaat werd bestuurd door Koning Leonidas?Sparta
31%
Wat is de hoogste boomsoort?Kustmammoetboom
30%
Wat bestaat er in de varianten Pillbox, Panama, en Fez?
Hoeden
28%
Wat is de voornaam van actrices McAdams en Weisz?Rachel
22%
Welk molecuul, met de formule C12H22O11, wordt als gewone suiker gebruikt?Sucrose
18%
Wat is de moderne geboortesteen van de maand juli?Robijn
15%
In welke stad spelen de films "Robocop" en "Gran Torino" zich af?Detroit
14%
Wiens vrouw werd in een zoutpilaar veranderd?
De vrouw van {Lot}
14%

Scoreverdeling

Percentiel versus Aantal Correcte Antwoorden

Procent van Mensen met Elke Score

Uw Scoregeschiedenis

U heeft deze quiz nog niet genomen